Taylor Swift song by image - Statistics

General Stats
  • This quiz has been taken 205 times
  • The average score is 10 of 13
Answer Stats
Picture Answer % Correct
You Belong With Me
96%
Anti-Hero
93%
Lavender Haze
87%
Bad Blood
86%
All too well
85%
Lover
82%
Our Song
81%
Look What You Made Me Do
75%
I Knew You Were Trouble
71%
We Are Never Ever Getting Back Together
71%
Bejeweled
67%
Picture To Burn
62%
...Ready For It?
60%
No matching quizzes found
Score Distribution
Percent of People with Each Score
Percentile by Number Answered
Your Score History
You have not taken this quiz